The Poseidon Adventure (Record no. 15563)

MARC details
000 -LEADER
fixed length control field 01979ngm a2200421 4500
003 - CONTROL NUMBER IDENTIFIER
control field dpl
005 - DATE AND TIME OF LATEST TRANSACTION
control field 20080723110517.0
007 - PHYSICAL DESCRIPTION FIXED FIELD--GENERAL INFORMATION
fixed length control field DVD
008 - FIXED-LENGTH DATA ELEMENTS--GENERAL INFORMATION
fixed length control field ||||||sp199 xxu|||||c|||| 00| 0 eng d
010 ## - LIBRARY OF CONGRESS CONTROL NUMBER
LC control number DVD-000437-439
024 ## - OTHER STANDARD IDENTIFIER
Standard number or code 1058
Terms of availability 499.00
035 ## - SYSTEM CONTROL NUMBER
System control number DVD-000437-439
040 ## - CATALOGING SOURCE
Original cataloging agency DPL
Transcribing agency DPL
082 ## - DEWEY DECIMAL CLASSIFICATION NUMBER
Classification number DVD / POSE
245 ## - TITLE STATEMENT
Title The Poseidon Adventure
Statement of responsibility, etc 20th Century Fox Presents
Medium [videorecording] DVD/
Remainder of title Hall Upside Down
246 ## - VARYING FORM OF TITLE
Title proper/short title .
260 ## - PUBLICATION, DISTRIBUTION, ETC. (IMPRINT)
Name of publisher, distributor, etc 20th Century Fox Homeentertainment
300 ## - PHYSICAL DESCRIPTION
Extent 1 videodisc DVD; (117 min.) :
Other physical details sd., col. ;
Dimensions 4 3/4 in.
Type of unit DVD
440 ## - SERIES STATEMENT/ADDED ENTRY--TITLE
Title 20th Centyry Fox Home Entertainment
500 ## - GENERAL NOTE
General note Sole Distributor in India M/s. Excel Productions Autio Visuals Pvt. Ltd.
500 ## - GENERAL NOTE
General note Suspense Excitement, danger and a cast of topflight thesps
500 ## - GENERAL NOTE
General note Special Features- Features, Theatrical Trailer, <br/>The Cast
538 ## - SYSTEM DETAILS NOTE
System details note Dolby Digital 5.1-English Subntitles: English, Cantonese, Thai, Korean, Mandarin
538 ## - SYSTEM DETAILS NOTE
System details note Aspect Ratio: 2.35:1, Presentation type: Wide Screne, Presentation Size 16x9, Format DVD 9 Dual L Single Sided Disc.
650 ## - SUBJECT ADDED ENTRY--TOPICAL TERM
Topical term or geographic name as entry element Motion Picture
700 ## - ADDED ENTRY--PERSONAL NAME
Personal name Allen, Irwin
700 ## - ADDED ENTRY--PERSONAL NAME
Personal name Hackman, Gene
700 ## - ADDED ENTRY--PERSONAL NAME
Personal name Borgnne, Earnest
700 ## - ADDED ENTRY--PERSONAL NAME
Personal name Buttons, Red
700 ## - ADDED ENTRY--PERSONAL NAME
Personal name Lynley, Carol
700 ## - ADDED ENTRY--PERSONAL NAME
Personal name McDowall, Roddy
700 ## - ADDED ENTRY--PERSONAL NAME
Personal name Stevens, Stella
942 ## - ADDED ENTRY ELEMENTS (KOHA)
Koha item type CD-ROMs, DVDs, VHS
Source of classification or shelving scheme Dewey Decimal Classification
Classification part DVD
Call number suffix POSE
Holdings
Withdrawn status Lost status Source of classification or shelving scheme Damaged status Not for loan Home library Current library Date acquired Source of acquisition Cost, normal purchase price Total Checkouts Full call number Barcode Date last seen Date checked out Copy number Cost, replacement price Price effective from Koha item type Total Renewals
    Dewey Decimal Classification     Central Library Central Library 22/09/2008 Purchase 499.00 29 DVD POSE DVD-000437 27/05/2014 15/05/2014 1 499.00 22/09/2008 CD-ROMs, DVDs, VHS  
    Dewey Decimal Classification     Patel Nagar Patel Nagar 22/09/2008 Purchase 499.00 25 DVD POSE DVD-000439 16/09/2015 15/09/2015 1 499.00 22/09/2008 CD-ROMs, DVDs, VHS  
    Dewey Decimal Classification     Sarojini Nagar Sarojini Nagar 22/09/2008 Purchase 499.00 28 DVD POSE DVD-000438 14/03/2015 26/02/2015 1 499.00 22/09/2008 CD-ROMs, DVDs, VHS 1

© Delhi Public Library
Hit Counter
free hit counter